[Event "ASEAN Masters Circuit WIM"]
[Site "Tarakan INA"]
[Date "2008.01.12"]
[Round "5"]
[White "Tay Li Jin Jeslin"]
[Black "Nguyen Thi Mai Hung"]
[Result "1/2-1/2"]
[WhiteElo "2050"]
[BlackElo "2062"]

1.d4 d5 2.c4 c6 3.Nf3 Nf6 4.Qc2 e6 5.Bg5 Nbd7 6.e3 Bd6 7.Nc3 O-O 8.O-O-O Qc7
9.Bd3 dxc4 10.Bxc4 h6 11.Bxf6 Nxf6 12.e4 e5 13.dxe5 Bxe5 14.Nxe5 Qxe5 15.Kb1 Be6
16.Bd3 Rad8 17.g3 Bg4 18.Be2 Bxe2 19.Qxe2 Rfe8 20.f4 Qe6 21.Rhe1 Nxe4 22.Nxe4 Qxe4+
23.Qxe4 Rxd1+ 24.Rxd1 Rxe4 25.Rd8+ Kh7 26.Rd7 b5 27.Rxf7 a5 28.Rc7 Re1+ 29.Kc2 Re2+
30.Kc1 Rxh2 31.Rxc6 Rg2 32.Rc5 Rxg3 33.Rxb5 Rf3 34.f5 h5 35.Rxa5 Rf4 36.Kd2 h4
37.Ke3 Rb4 38.b3 h3 39.Kf2 Rg4 40.Rc5 Rg2+ 41.Kf3 Rxa2 42.Rc1 Rb2 43.Rh1 Rxb3+
44.Kg4 Kh6 45.Kh4  1/2-1/2

[Event "ch-Reykjavik"]
[Site "Reykjavik ISL"]
[Date "2008.01.13"]
[Round "4"]
[White "Bjornsson,Sv"]
[Black "Thorgeirsson,S"]
[Result "1/2-1/2"]
[WhiteElo "2116"]
[BlackElo "2120"]

1.d4 d5 2.c4 c6 3.Nf3 Nf6 4.Qc2 dxc4 5.Qxc4 Be6 6.Qc2 g6 7.Bf4 Bf5 8.Qb3 Qb6
9.Qxb6 axb6 10.Nc3 Na6 11.O-O-O Nb4 12.a3 Nbd5 13.Be5 Nxc3 14.bxc3 Rxa3 15.Kb2 Ra8
16.Nd2 Rg8 17.f3 Nd5 18.e4 Ne3 19.Re1 Nxf1 20.Rhxf1 Be6 21.Ra1 Rxa1 22.Rxa1 f6
23.Bc7 b5 24.Ra7 Bc8 25.Nb3 e6 26.Na5 Rg7 27.Bg3 Kd8 28.Ra8 Rd7 29.Kc2 Bg7
30.Bb8 f5 31.Ba7 Kc7 32.Bb8+ Kd8 33.Ba7  1/2-1/2

[Event "EST-FIN Match"]
[Site "Tallinn EST"]
[Date "2008.01.13"]
[Round "1"]
[White "Tsiganova,M"]
[Black "Pohjala,H"]
[Result "1-0"]
[WhiteElo "2221"]
[BlackElo "2039"]

1.d4 d5 2.c4 c6 3.Nf3 Nf6 4.Qc2 e6 5.e3 Nbd7 6.Bd3 Be7 7.O-O O-O 8.Nbd2 Qc7
9.b3 b6 10.Bb2 Bb7 11.cxd5 exd5 12.Ne5 c5 13.Nxd7 Qxd7 14.dxc5 bxc5 15.Bxf6 Bxf6
16.Bxh7+ Kh8 17.Bf5 Qb5 18.Rac1 Qa5 19.Rfd1 Be7 20.b4 cxb4 21.Qc7 Qxc7 22.Rxc7 Bc8
23.Bxc8 Rfxc8 24.Rxe7 Rc2 25.Rxf7 Rxa2 26.h4 a5 27.Rb7 Rb2 28.Nf3 a4 29.Rxd5 a3
30.Rh5+ Kg8 31.Rg5 Rb1+ 32.Kh2 a2 33.Rgxg7+ Kh8 34.Ne5 Rh1+ 35.Kg3 Ra6 36.Rh7+ Kg8
37.Rbg7+ Kf8 38.Nd7+  1-0

[Event "Open A"]
[Site "Prague CZE"]
[Date "2008.01.15"]
[Round "5"]
[White "Ivanov,MM"]
[Black "Mertanen,J"]
[Result "1-0"]
[WhiteElo "2483"]
[BlackElo "2290"]

1.d4 d5 2.Nf3 Nf6 3.c4 c6 4.Qb3 e6 5.Bg5 dxc4 6.Qxc4 Be7 7.e3 Nbd7 8.Nbd2 O-O
9.Be2 Qb6 10.Qc2 c5 11.O-O cxd4 12.Nxd4 Qc5 13.Qxc5 Nxc5 14.Rac1 h6 15.Bh4 g5
16.Bg3 Nfe4 17.Nxe4 Nxe4 18.Bc7 Bd7 19.Rfd1 Nf6 20.Bf3 Bc8 21.h3 a6 22.e4 Re8
23.Nb3 Bd7 24.Na5 Rec8 25.Nxb7 Ba4 26.b3 Ba3 27.Nd6 Bxc1 28.Nxc8 Rxc8 29.Rxc1 e5
30.Rc3 Ne8 31.Bxe5 Rxc3 32.Bxc3 Bc6 33.Be2 Bb7 34.f3  1-0

[Event "ASEAN Masters Circuit GMB"]
[Site "Tarakan INA"]
[Date "2008.01.15"]
[Round "7"]
[White "Sitanggang,S"]
[Black "Sukandar,I"]
[Result "1-0"]
[WhiteElo "2410"]
[BlackElo "2266"]

1.d4 d5 2.Nf3 Nf6 3.c4 c6 4.Qc2 e6 5.e3 Nbd7 6.b3 Bb4+ 7.Nbd2 O-O 8.Bd3 Qe7
9.O-O b6 10.e4 dxe4 11.Nxe4 h6 12.a3 Bd6 13.Nxd6 Qxd6 14.Bb2 Bb7 15.Rad1 c5
16.dxc5 Qxc5 17.Qe2 Rfd8 18.Rfe1 Qh5 19.Ne5 Qg5 20.g3 Nxe5 21.Qxe5 Qg4 22.Be2 Qh3
23.f3 Rac8 24.Bf1 Qh5 25.Qxh5 Nxh5 26.Kf2 Nf6 27.Ke3 Kf8 28.Be2 Nd7 29.b4 Ba6
30.Rc1 Rc7 31.Rc2 Rdc8 32.Rec1 Bb5 33.f4 Ba4 34.Rc3 Nf6 35.g4 Bc6 36.Rd3 Ne8
37.Be5 Rd7 38.Rxd7 Bxd7 39.c5 f6 40.Bd4 b5 41.Bf3 Bc6 42.Bxc6 Rxc6 43.f5 Nc7
44.Ke4 Kf7 45.Bf2 Ra6 46.Bg3 e5 47.Rd1 Ke7 48.Rd3 Rc6 49.h4 a5 50.Be1 axb4
51.Bxb4 Na6 52.Rg3 Kd7 53.Kd5 Nc7+ 54.Ke4 Na6 55.Rd3+ Ke7 56.Rc3 Kd7 57.g5 hxg5
58.hxg5 fxg5 59.Kxe5 Rf6 60.Rg3 Rf7 61.Rxg5 Re7+ 62.Kf4 Rf7 63.Rg6 Nc7 64.c6+ Kc8
65.Ke5 Ne8 66.Re6 Nc7 67.Re7 Rf6 68.Bd6  1-0

[Event "Open A"]
[Site "Prague CZE"]
[Date "2008.01.16"]
[Round "7"]
[White "Ganaus,H"]
[Black "Dolezal,R1"]
[Result "0-1"]
[WhiteElo "2294"]
[BlackElo "2423"]

1.Nf3 Nf6 2.d4 d5 3.c4 c6 4.Qc2 g6 5.cxd5 cxd5 6.Bf4 Nc6 7.e3 Bg7 8.Bb5 O-O
9.Bxc6 Bf5 10.Qa4 bxc6 11.O-O Nh5 12.Be5 f6 13.Bg3 Qb6 14.Qa3 Nxg3 15.hxg3 Rfb8
16.b3 e5 17.Nc3 Bf8 18.Qc1 e4 19.Nd2 Bd6 20.Na4 Qc7 21.Nc5 Re8 22.Qc3 Rac8
23.Rfe1 h5 24.b4 Qh7 25.Qb3 Kg7 26.b5 h4 27.g4 Bxg4 28.bxc6 h3 29.g3 h2+
30.Kh1 Qh5  0-1

[Event "Corus C"]
[Site "Wijk aan Zee NED"]
[Date "2008.01.19"]
[Round "7"]
[White "Grivas,E"]
[Black "Braun,A"]
[Result "1-0"]
[WhiteElo "2509"]
[BlackElo "2536"]

1.d4 d5 2.c4 c6 3.Nf3 Nf6 4.Nbd2 Bg4 5.Ne5 Bf5 6.e3 e6 7.g4 Bg6 8.h4 dxc4
9.Bxc4 Be4 10.Nxf7 Kxf7 11.Nxe4 Nxe4 12.Qf3+ Nf6 13.g5 Bb4+ 14.Ke2 Nd7 15.a3 Be7
16.Qf5 Nf8 17.gxf6 Bxf6 18.Bd2 Qb6 19.h5 Re8 20.Bb4 a6 21.Rag1 Rg8 22.Rg3 Qd8
23.Rhg1 Qb6 24.h6  1-0

[Event "ch-Kyiv Men"]
[Site "Kyiv UKR"]
[Date "2008.01.23"]
[Round "4"]
[White "Panchenko,AG"]
[Black "Sidorchuk,D"]
[Result "1/2-1/2"]
[WhiteElo "2327"]
[BlackElo "2234"]

1.d4 d5 2.c4 c6 3.Nf3 Nf6 4.Qc2 g6 5.Bf4 Bg7 6.e3 O-O 7.h3 Na6 8.Nc3 Qa5
9.Be2 dxc4 10.Bxc4 b5 11.Be2 b4 12.Qa4 Qb6 13.Nb1 c5 14.Nbd2 cxd4 15.Nxd4 Nc5
16.Qd1 Bb7 17.O-O Bd5 18.Nc4 Qb7 19.Na5 Qb6 20.Nc4 Qb7 21.Na5  1/2-1/2

[Event "ch-Reykjavik"]
[Site "Reykjavik ISL"]
[Date "2008.01.23"]
[Round "8"]
[White "Asbjornsson,I"]
[Black "Benediktsson,T"]
[Result "1-0"]
[WhiteElo "2013"]
[BlackElo "1930"]

1.Nf3 d5 2.d4 c6 3.c4 Nf6 4.Qc2 e6 5.e3 Be7 6.Nc3 O-O 7.g4 Nxg4 8.Bd2 Nd7
9.Rg1 f5 10.h3 Ngf6 11.Ng5 Nb8 12.f4 Ne4 13.Ngxe4 fxe4 14.O-O-O Na6 15.Be1 Bf6
16.Ne2 b5 17.c5 Nc7 18.Ba5 Qe7 19.Ng3 Rb8 20.Nh5 b4 21.Qa4 Nb5 22.Rd2 Rf7
23.Rdg2 Nxd4 24.Nxf6+ Qxf6 25.exd4 Qxd4 26.Qc2 Qe3+ 27.Kb1 Qxf4 28.Be2 Qf6
29.Qa4 e5 30.Bh5 Rfb7 31.Qb3 Be6 32.Qg3 Rf8 33.Be2 d4 34.Ba6 Rbf7 35.Bxb4 Qf4
36.b3 e3 37.Bd3 e4 38.Qxf4 Rxf4 39.Rxg7+ Kh8 40.Ba6 Bc8 41.Bc4 h5 42.Rxa7 Be6
43.Bxe6 e2 44.Rg5 Rh4 45.Rgg7  1-0

[Event "6th Gibtelecom Masters"]
[Site "Gibraltar ENG"]
[Date "2008.01.29"]
[Round "8"]
[White "Bellon Lopez,JuM"]
[Black "Heinis,V"]
[Result "1-0"]
[WhiteElo "2455"]
[BlackElo "2184"]

1.d4 d5 2.Nf3 c6 3.c4 dxc4 4.e3 Be6 5.Nc3 b5 6.a4 b4 7.Ne4 Nf6 8.Ng3 Bd5
9.Ne5 e6 10.Nxc4 Nbd7 11.a5 h5 12.h4 b3 13.Qxb3 Rb8 14.Qc2 Bb4+ 15.Bd2 Bxd2+
16.Nxd2 c5 17.e4 Bc6 18.Be2 O-O 19.O-O Rb4 20.dxc5 Qb8 21.b3 Qf4 22.Nxh5 Nxh5
23.Bxh5 Qxh4 24.Be2 Rfb8 25.Rac1 Qh6 26.Qc3 f5 27.Bc4 fxe4 28.Rce1 Nxc5 29.Re3 Nd3
30.Bxd3 exd3 31.Qxc6  1-0

[Event "6th Gibtelecom Masters"]
[Site "Gibraltar ENG"]
[Date "2008.01.29"]
[Round "8"]
[White "Cramling,P"]
[Black "Karim,I"]
[Result "1/2-1/2"]
[WhiteElo "2524"]
[BlackElo "2347"]

1.d4 d5 2.Nf3 Nf6 3.c4 c6 4.Qb3 e6 5.Bg5 Nbd7 6.e3 Be7 7.Nc3 O-O 8.Bd3 b6
9.O-O Bb7 10.Rad1 dxc4 11.Bxc4 Nd5 12.Bf4 Nxf4 13.exf4 Qc7 14.g3 b5 15.Bd3 c5
16.Be2 b4 17.Nb5 Qb6 18.dxc5 Nxc5 19.Qe3 a6 20.Nbd4 Na4 21.Qb3 Nc5 22.Qe3 Na4
23.Qb3 Nc5 24.Qe3 Na4 25.Qb3  1/2-1/2

[Event "6th ch-PriFO Men"]
[Site "Kazan RUS"]
[Date "2008.01.31"]
[Round "9"]
[White "Kunakbaev,I"]
[Black "Bakunin,D"]
[Result "1/2-1/2"]
[WhiteElo "2111"]
[BlackElo "1998"]

1.d4 d5 2.c4 c6 3.Nf3 Nf6 4.Qc2 g6 5.Bf4 Bg7 6.e3 Bf5 7.Bd3 Bxd3 8.Qxd3 Nbd7
9.O-O Nh5 10.Bg3 Nxg3 11.hxg3 O-O 12.Nc3 dxc4 13.Qxc4 e5 14.Rad1 exd4 15.Nxd4 Nb6
16.Qc5 Nd7 17.Qa3 Re8 18.Nce2 Qe7 19.Qa5 Qe5 20.Nb3 b6 21.Qa6 Nf6 22.Nbd4 c5
23.Nb5 Nd5 24.Qb7 Red8 25.Nec3 Nxc3 26.bxc3 Qh5 27.Nd6 g5 28.g4 Qg6 29.Nf5 Qf6
30.c4 Rdb8 31.Qc7 Qe5 32.Qxe5 Bxe5 33.Rd5 Bf6 34.Rd6 Be5 35.Rd7 Rd8 36.Rfd1 Bf6
37.Nh6+ Kg7 38.Nxf7 Rxd7 39.Rxd7 Kg6 40.f4 gxf4 41.exf4 Bd4+ 42.Kf1 Rf8 43.f5+ Kf6
44.Nd6 Kg5 45.Rxh7 Kxg4 46.Rh6 Be5 47.Rg6+ Kf4 48.Ke2 Bxd6 49.Rxd6 Rxf5 50.Rd7 Re5+
51.Kd3 Re3+ 52.Kc2 Re2+ 53.Kb3 Rxg2 54.Rxa7 Rg3+ 55.Ka4 Rg2 56.Kb5 Rb2+ 57.Kc6 Ke4
58.Rh7 Kd4 59.Rh4+ Kc3 60.a3 Rb3 61.a4 Kb4 62.Kxb6 Ra3 63.Rh5 Rxa4 64.Rxc5 Ra6+  1/2-1/2

[Event "Velammal 45th National A ch-IND"]
[Site "Chennai IND"]
[Date "2008.02.08"]
[Round "6"]
[White "Akshat,K"]
[Black "Mehar,C"]
[Result "1-0"]
[WhiteElo "2307"]
[BlackElo "2199"]

1.d4 d5 2.c4 c6 3.Nf3 Nf6 4.Qc2 dxc4 5.Qxc4 Bf5 6.g3 Nbd7 7.Bg2 e6 8.O-O Be7
9.Nc3 O-O 10.Re1 Ne4 11.Qb3 Qb6 12.Nh4 Qxb3 13.axb3 Bxh4 14.gxh4 Nef6 15.e4 Bg6
16.Bf4 Rfe8 17.Bd6 Red8 18.Red1 a6 19.f3 Nf8 20.Bf4 Rac8 21.Na4 N8d7 22.b4 Nh5
23.Be3 e5 24.d5 cxd5 25.Rxd5 Nhf6 26.Rd2 Nb8 27.Rxd8+ Rxd8 28.Nc5 b5 29.Nxa6 Nxa6
30.Rxa6 h6 31.Bf1 Rd1 32.Kg2 Rb1 33.Ra8+ Kh7 34.Ra2 Nxe4 35.h5 Bf5 36.Bd3 Re1
37.Bf2  1-0

[Event "Velammal 45th National A ch-IND"]
[Site "Chennai IND"]
[Date "2008.02.10"]
[Round "8"]
[White "Imocha,L"]
[Black "Mehar,C"]
[Result "1-0"]
[WhiteElo "2240"]
[BlackElo "2199"]

1.d4 d5 2.c4 c6 3.Nf3 Nf6 4.g3 Bf5 5.Bg2 e6 6.O-O Nbd7 7.b3 Be7 8.Bb2 O-O
9.Nfd2 Qa5 10.Nc3 Rad8 11.a3 Rfe8 12.b4 Qb6 13.Na4 Qc7 14.Rc1 Qb8 15.Nc3 e5
16.dxe5 Nxe5 17.cxd5 cxd5 18.Nb5 Nc4 19.Nxc4 dxc4 20.Qe1 Rc8 21.Qc3 Bf8 22.Rfe1 a6
23.Nd4 Bg6 24.Rcd1 Ne4 25.Bxe4 Bxe4 26.f3 Bg6 27.e4 b5 28.Rd2 Qb6 29.Kg2 Red8
30.Red1 f6 31.Ne2 Bf7 32.Nf4 Bd6 33.Nd5 Bxd5 34.Rxd5 Be5 35.Qc2 Rxd5 36.Rxd5 Bxb2
37.Qxb2 c3 38.Qb3 Kh8 39.Qc2 a5 40.h4 axb4 41.axb4 h6 42.g4 Qa6 43.e5 Qe6
44.Rxb5 fxe5 45.Rc5 Rxc5 46.bxc5 Qc4 47.h5 Qxc5 48.Kh3 Kg8 49.Kg2 Qe3 50.Qf5 Qd2+
51.Kh3 c2 52.Qc8+ Kf7 53.Qc7+ Kf6 54.Qc6+ Kg5 55.Qg6+ Kf4 56.Qe4+  1-0

[Event "FSGM February"]
[Site "Budapest HUN"]
[Date "2008.02.12"]
[Round "11"]
[White "Nguyen Huynh Minh Huy"]
[Black "Arngrimsson,D"]
[Result "1/2-1/2"]
[WhiteElo "2398"]
[BlackElo "2359"]

1.d4 d5 2.Nf3 Nf6 3.c4 c6 4.Nbd2 Bf5 5.Nh4 Bg6 6.e3 e6 7.Nxg6 hxg6 8.g3 Nbd7
9.Bg2 e5 10.cxd5 Nxd5 11.Nc4 Bb4+ 12.Bd2 exd4 13.Bxb4 Nxb4 14.a3 Qe7 15.O-O Na6
16.exd4 O-O 17.d5 Rad8 18.dxc6 bxc6 19.Qa4 Ndb8 20.Rfe1 Qf6 21.Rad1 Rd4 22.Rxd4 Qxd4
23.Rd1 Qc5 24.Qc2 Qe7 25.Qc3 Re8 26.Ne3 Nc5 27.b4 Ne4 28.Bxe4 Qxe4 29.Qc5 a6
30.a4 Qe6 31.Qd4 Qb3 32.a5 Qe6 33.Qa7 Kh7 34.Qd4 Kg8 35.Nc4 g5 36.Ne3 f6
37.g4 Kh7 38.Qa7 Qb3 39.Qd4 Qe6 40.Nf5  1/2-1/2

[Event "2nd Int Open Congress"]
[Site "Brentwood ENG"]
[Date "2008.02.16"]
[Round "1"]
[White "Sen,S"]
[Black "Collins,S IRL"]
[Result "0-1"]
[WhiteElo "2010"]
[BlackElo "2394"]

1.Nf3 d5 2.d4 c6 3.c4 Nf6 4.Qc2 dxc4 5.Qxc4 Bf5 6.g3 e6 7.Bg2 Be7 8.O-O O-O
9.Nc3 Nbd7 10.Nh4 Nb6 11.Qb3 Qxd4 12.Rd1 Qc4 13.Nxf5 exf5 14.Qxc4 Nxc4 15.Rd4 Ne5
16.Bg5 Rfd8 17.Rf4 g6 18.e4 h6 19.Bxf6 Bxf6 20.exf5 Nd3 21.Rf3 Ne5 22.Rf4 Nd3
23.Rf3 g5 24.Rb1 Ne5 25.Re3 Nc4 26.Re2 Kg7 27.Ne4 Nd6 28.Nxd6 Rxd6 29.Kf1 Rad8
30.Be4 g4 31.f3 h5 32.f4 Rh8 33.Ke1 h4 34.Rd1 Rxd1+ 35.Kxd1 h3 36.Rd2 Bd8
37.Rd6 Be7 38.Rd2 Bc5 39.Re2 Rd8+ 40.Kc2 Kf6 41.a3 Re8 42.Kd3 a5 43.Rc2 Bg1
44.Re2 a4 45.Kc3 Bxh2  0-1

[Event "2nd Int Open Congress"]
[Site "Brentwood ENG"]
[Date "2008.02.16"]
[Round "3"]
[White "Sen,S"]
[Black "Williams,Pe"]
[Result "1-0"]
[WhiteElo "2010"]
[BlackElo "1852"]

1.Nf3 d5 2.d4 Nf6 3.c4 c6 4.Qc2 dxc4 5.Qxc4 Bf5 6.g3 e6 7.Bg2 Be7 8.O-O O-O
9.Nc3 Nbd7 10.Rd1 Bc2 11.e3 Bxd1 12.Nxd1 Nb6 13.Qb3 Qc7 14.Bd2 Ne4 15.Ba5 Qd7
16.Bxb6 axb6 17.Ne5 Qd5 18.Qxb6 f5 19.Qxb7 Bf6 20.Nd7 Rfd8 21.Nb6 Qb5 22.Bf1 Rab8
23.Qxb8 Rxb8 24.Bxb5 cxb5 25.Nd7 Rc8 26.Nxf6+ gxf6 27.Nc3 Nxc3 28.bxc3 Rxc3
29.Rb1 Rc2 30.Rxb5 Rxa2 31.Rb7 Ra6 32.Rd7  1-0

[Event "10th TCh-Euro sen"]
[Site "Dresden GER"]
[Date "2008.02.16"]
[Round "6"]
[White "Donchenko,A"]
[Black "Lechtynsky,J"]
[Result "1/2-1/2"]
[WhiteElo "2361"]
[BlackElo "2422"]

1.d4 Nf6 2.c4 c6 3.Nf3 d5 4.Qc2 dxc4 5.Qxc4 Bf5 6.g3 Nbd7 7.Bg2 e6 8.Nc3 Be7
9.O-O O-O 10.Re1 Ne4 11.Qb3 Qb6 12.Nh4  1/2-1/2

[Event "US Amateur Team-ch East"]
[Site "Parsippany USA"]
[Date "2008.02.16"]
[Round "2"]
[White "Kaufman,La"]
[Black "Ross,L"]
[Result "1-0"]
[WhiteElo "2370"]
[BlackElo "2179"]

1.d4 d5 2.c4 c6 3.Nf3 Nf6 4.Qc2 a6 5.Bf4 g6 6.e3 Bg7 7.Nbd2 O-O 8.h3 Nbd7
9.Be2 dxc4 10.Nxc4 Nd5 11.Bh2 b5 12.Nce5 Qa5+ 13.Qd2 Qxd2+ 14.Kxd2 Nxe5 15.Nxe5 Bxe5
16.Bxe5 f6 17.Bh2 Bb7 18.Rac1 Nb6 19.b3 e5 20.dxe5 fxe5 21.Bg3 Rfe8 22.e4 Rad8+
23.Ke3 Nd7 24.Rhd1 g5 25.h4 h6 26.Rd6 Nf8 27.Rxh6 gxh4 28.Bxh4 Rd7 29.Bg4 Rg7
30.Bf5 Rxg2 31.Bg3 Kg7 32.Rd6 Rxg3+ 33.fxg3 a5 34.g4 Ra8 35.Rc5  1-0

[Event "TCh-BEL 2007-8"]
[Site "Belgium BEL"]
[Date "2008.02.17"]
[Round "9"]
[White "Brunner,N"]
[Black "Golod,V"]
[Result "1/2-1/2"]
[WhiteElo "2428"]
[BlackElo "2606"]

1.d4 d5 2.c4 dxc4 3.Nf3 c6 4.a4 e6 5.e3 Nf6 6.Bxc4 c5 7.O-O Nc6 8.Qe2 cxd4
9.Rd1 Be7 10.Nxd4 Nxd4 11.Rxd4 Qc7 12.Bb5+ Bd7 13.Rc4 Qb8 14.e4 a6 15.Bxd7+ Nxd7
16.Be3 O-O 17.Nd2 Ne5 18.Rc2 Rc8 19.Rac1 Rxc2 20.Rxc2 Qd8 21.Nc4 Nxc4 22.Rxc4 Rc8
23.g3 Rxc4 24.Qxc4 h5 25.h3 Bf6 26.b3 g6 27.Kg2 Kg7 28.Qb4 Qd7 29.Qb6 Be5
30.Qc5 Bf6 31.Qb6 Bb2 32.Bf4 Bd4 33.Qd6 Qxd6 34.Bxd6 f5 35.f3 Kf6 36.g4 hxg4
37.hxg4 fxg4 38.fxg4 e5 39.Kf3 Ke6 40.Bf8 Kd7 41.Ke2 Kc6 42.Bg7 b5 43.axb5+ Kxb5
44.Kd3 Kb4 45.Kc2 a5 46.Bf6 Kb5  1/2-1/2

[Event "XXIV Open"]
[Site "Cappelle La Grande FRA"]
[Date "2008.02.17"]
[Round "2"]
[White "Miroshnichenko,E"]
[Black "Li Shilong"]
[Result "1-0"]
[WhiteElo "2647"]
[BlackElo "2502"]

1.d4 d5 2.Nf3 Nf6 3.c4 c6 4.Qb3 dxc4 5.Qxc4 Bg4 6.Nbd2 Nbd7 7.g3 e6 8.Bg2 Bd6
9.Qb3 Rb8 10.O-O O-O 11.Nc4 Bc7 12.Rd1 h6 13.Bd2 Re8 14.Rac1 Nb6 15.Nce5 Bf5
16.Be1 Be4 17.a4 Bd5 18.Qa3 Nbd7 19.Nd3 e5 20.dxe5 Nxe5 21.Nfxe5 Bxe5 22.Nxe5 Rxe5
23.Bf1 Qe8 24.Bc3 Rf5 25.Bd4 b5 26.a5 Rb7 27.f3 Re7 28.Qd3 Rh5 29.b3 Nh7
30.e4 Be6 31.g4 Rg5 32.h4 Rg6 33.h5 Rg5 34.Be3 Rd7 35.Qc3 Qb8 36.Rxd7 Bxd7
37.Bg2 b4 38.Qd2 Be6 39.Bxg5 hxg5 40.Rxc6 Qb5 41.Qd6 Qe2 42.Qd8+ Nf8 43.Qxg5 f6
44.Qc5 Qe1+ 45.Kh2 Nd7 46.Qc1 Qh4+ 47.Kg1 Bxb3 48.Qb1 Ba4 49.Rc8+ Kf7 50.Qxb4 Ne5
51.f4 Nc6 52.Qf8+ Ke6 53.Qg8+ Ke7 54.Qxg7+ Kd6 55.Qxf6+  1-0

[Event "6th Festival Gp A"]
[Site "Nancy FRA"]
[Date "2008.02.18"]
[Round "1"]
[White "Marzolo,C"]
[Black "Guliyev,N"]
[Result "1/2-1/2"]
[WhiteElo "2474"]
[BlackElo "2570"]

1.d4 d5 2.Nf3 Nf6 3.c4 c6 4.Qc2 dxc4 5.Qxc4 e6 6.Bg5 Be7 7.Nbd2 h6 8.Bh4 b6
9.e3 O-O 10.Be2 Bb7 11.Bxf6 Bxf6 12.Ne4 Nd7 13.Nd6 Qc7 14.Nxb7 Qxb7  1/2-1/2

[Event "18th ch-IRI"]
[Site "Tehran IRI"]
[Date "2008.02.19"]
[Round "4"]
[White "Ghorbani,M"]
[Black "Mohammadi,H"]
[Result "1/2-1/2"]
[WhiteElo "2347"]
[BlackElo "2308"]

1.d4 Nf6 2.c4 c6 3.Nf3 d5 4.Qc2 dxc4 5.Qxc4 Bf5 6.g3 e6 7.Bg2 Nbd7 8.O-O Be7
9.Rd1 O-O 10.e3 Qc7 11.Qe2 Rad8 12.Nc3 Ne4 13.Bd2 Nxd2 14.Rxd2 Rfe8 15.Rc1 Qa5
16.Rdd1 Bg6 17.a3 Bh5 18.e4 Nb6 19.h3 Bxf3 20.Bxf3 Bf6 21.e5 Be7 22.Ne4 Rd7
23.Nc5 Bxc5 24.dxc5 Rxd1+ 25.Qxd1 Nd5 26.Qd4 Rd8 27.Rd1 Rd7 28.h4 Qb5 29.Rd2 Qa5
30.Rd1 Qd8 31.Qc4 Nb6 32.Qg4 Rxd1+ 33.Bxd1 Nc4 34.Bc2 Qd5 35.Be4 Qxe5 36.Bxc6 Qxc5
37.Bxb7 Nxb2 38.Qf3 g6 39.Ba6 Na4 40.Qb3 Nb6 41.Be2 h5 42.Bf1 Nd7 43.a4 Ne5
44.Be2 Nc6 45.Bf3 Nd4 46.Qb8+ Kh7 47.Bg2 Nf5 48.Be4 Nd6 49.Bf3 Nf5 50.Kg2 Kg7
51.Qb7 Nd4 52.Be4 a5 53.Qd7 Qc4 54.Ba8 Qb4 55.Be4 Nb3 56.Bc6 Nc5 57.Qd6 Qc4
58.Qe5+ Kg8 59.Qb8+ Kg7 60.Qe5+ Kf8 61.Qd6+ Kg7 62.Qe5+ Kg8 63.Qb8+ Kg7 64.Qe5+ Kg8
65.Qb8+  1/2-1/2

[Event "XXIV Open"]
[Site "Cappelle La Grande FRA"]
[Date "2008.02.21"]
[Round "7"]
[White "Mohandesi,S"]
[Black "Banusz,T"]
[Result "0-1"]
[WhiteElo "2323"]
[BlackElo "2489"]

1.d4 d5 2.c4 c6 3.Nf3 Nf6 4.Qc2 g6 5.Bf4 Bg7 6.e3 O-O 7.Nc3 Bf5 8.Qb3 Qb6
9.c5 Qxb3 10.axb3 Nbd7 11.b4 a6 12.h3 h6 13.Be2 Rfe8 14.O-O g5 15.Bg3 Ne4
16.Nxe4 Bxe4 17.Nd2 Bg6 18.Nb3 e5 19.dxe5 Nxe5 20.Nd4 Nc4 21.Bxc4 dxc4 22.Rfd1 Bd3
23.Rac1 a5 24.bxa5 Rxa5 25.b3 Rxc5 26.bxc4 Rxc4 27.Rxc4 Bxc4 28.Nf5 Bf8 29.Nd6 Rd8
30.e4 b5 31.e5 Be6 32.Kf1 Ra8 33.Ke2 b4 34.Kd3 Ra3+ 35.Kd4 Rc3 36.Rd3 c5+
37.Ke3 b3 38.Nb5 Rc1  0-1

[Event "XXIV Open"]
[Site "Cappelle La Grande FRA"]
[Date "2008.02.22"]
[Round "8"]
[White "Krivonosov,O"]
[Black "Sumets,A"]
[Result "1/2-1/2"]
[WhiteElo "2418"]
[BlackElo "2541"]

1.Nf3 d5 2.d4 c6 3.c4 dxc4 4.e4 Be6 5.a4 Nf6 6.Na3 c5 7.Bxc4 Bxc4 8.Nxc4 Nc6
9.dxc5 Qxd1+ 10.Kxd1 Nxe4 11.Ke2  1/2-1/2

[Event "1st Pfalz Open"]
[Site "Neustadt a.d. Weinstrasse GER"]
[Date "2008.02.22"]
[Round "8"]
[White "Epishin,V"]
[Black "Milov,L"]
[Result "1/2-1/2"]
[WhiteElo "2577"]
[BlackElo "2482"]

1.d4 d5 2.Nf3 Nf6 3.c4 c6 4.Qb3 dxc4 5.Qxc4 Bg4 6.Nbd2 Nbd7 7.g3 e6 8.Bg2 Be7
9.O-O O-O 10.b3 Qa5 11.Bb2 Rac8 12.Rfc1 Qh5 13.e3 Ne4 14.a3 Rcd8 15.Nxe4 Bxf3
16.Qf1 e5 17.Bxf3 Qxf3 18.Nd2 Qh5 19.Qd1  1/2-1/2

[Event "25th Festival Open A"]
[Site "Bled SLO"]
[Date "2008.02.24"]
[Round "3"]
[White "Sakelsek,T"]
[Black "Buzeti,J"]
[Result "1/2-1/2"]
[WhiteElo "2461"]
[BlackElo "2146"]

1.d4 d5 2.c4 c6 3.Nf3 Nf6 4.Qc2 dxc4 5.Qxc4 Bf5 6.g3 e6 7.Bg2 Nbd7 8.O-O Be7
9.Nc3 O-O 10.Re1 Ne4 11.Qb3 Qb6 12.Nh4 Qxb3 13.axb3 Bb4 14.Ra4 Bxc3 15.bxc3 Nxc3
16.Rc4 Nb5 17.Nxf5 exf5 18.d5 Ne5 19.dxc6 Nxc6 20.Be3 Rfd8 21.Rc5 Nbd4 22.Bxd4 Nxd4
23.e3 Ne6 24.Rxf5 Rab8 25.Ra1 a6 26.b4 Rd6 27.Rc1 Rb6 28.Rc4 Rd8 29.Bf3 g6
30.Rd5 Rxd5 31.Bxd5 Kf8 32.Kf1 Ke7 33.Ke2 Kd6 34.Bg2 Nd8 35.Kd3 Nc6 36.Kc3 Ne7
37.Rd4+ Kc7 38.Rf4 f6 39.Rh4 h5 40.g4 hxg4 41.Rxg4 f5 42.Rc4+ Kd6 43.Rd4+ Ke6
44.f4 Nc6 45.Rc4 Ne7 46.h4 Nd5+ 47.Bxd5+ Kxd5 48.Kd3 Ke6 49.e4 fxe4+ 50.Kxe4 Rb5
51.Kf3  1/2-1/2

[Event "XI Open"]
[Site "Malaga ESP"]
[Date "2008.02.24"]
[Round "3"]
[White "Herraiz Hidalgo,H"]
[Black "Ortega Ruiz,J"]
[Result "1-0"]
[WhiteElo "2485"]
[BlackElo "2290"]

1.d4 Nf6 2.c4 c6 3.Nd2 d5 4.Ngf3 g6 5.e3 Bg7 6.Bd3 O-O 7.O-O Nbd7 8.b3 e5
9.cxd5 Nxd5 10.Nc4 exd4 11.exd4 b5 12.Ne3 N7b6 13.a4 a6 14.Re1 Be6 15.Bd2 Nxe3
16.fxe3 c5 17.axb5 cxd4 18.Rxa6 Rb8 19.exd4 Bc8 20.Ra2 Bg4 21.Be4 Nd5 22.Qc2 Bxf3
23.Bxf3 Bxd4+ 24.Kh1 Rxb5 25.Qc4 Nc7 26.Ra5 Rb8 27.Bg5 Qd7 28.Bc6 Qd6 29.Be7 Rbe8
30.Bxe8 Rxe8 31.Bh4 Rxe1+ 32.Bxe1 Qf4 33.Qe2 Ne6 34.Ra2 Qc1 35.Rd2 Qb1 36.Rd1 Qf5
37.b4 h5 38.Qd3 Qg4 39.h3 Qg5 40.Bd2 Qe5 41.Re1 Qf6 42.Qf3 Qg7 43.b5  1-0

[Event "24th Open"]
[Site "Bad Woerishofen GER"]
[Date "2008.03.01"]
[Round "3"]
[White "Skembris,S"]
[Black "Knitl,A"]
[Result "1-0"]
[WhiteElo "2469"]
[BlackElo "2215"]

1.d4 d5 2.c4 c6 3.Nf3 dxc4 4.e3 Be6 5.Qc2 Nf6 6.Bxc4 Bxc4 7.Qxc4 e6 8.O-O Nbd7
9.Nc3 Be7 10.e4 O-O 11.Rd1 Rc8 12.Bf4 b5 13.Qe2 b4 14.Na4 Qa5 15.b3 c5 16.d5 exd5
17.exd5 Rfe8 18.Qc2 Qa6 19.Rac1 Bf8 20.Be3 g6 21.h3 Qb7 22.Qd3 Ne4 23.Nd2 Ndf6
24.Nxe4 Nxe4 25.Rc4 Qa6 26.Qc2 f5 27.Bxc5 Nxc5 28.Nxc5 Bxc5 29.Rxc5 Rxc5
30.Qxc5 Qxa2 31.Qxb4 Qe2 32.Qd4 Re4 33.Qa1 Re7 34.d6 Rd7 35.Qd4 Qe6 36.b4 Qe8
37.Rc1 Qd8 38.Rc6 Qe8 39.Rc7 Qe1+ 40.Kh2 Qe8 41.Qc4+ Kf8 42.Qd4 Kg8 43.Qf6 a6
44.f4 Rf7 45.Rxf7 Qxf7 46.Qd8+  1-0

[Event "FSGM March"]
[Site "Budapest HUN"]
[Date "2008.03.01"]
[Round "1"]
[White "Wang Puchen"]
[Black "Varga,Zo"]
[Result "1/2-1/2"]
[WhiteElo "2383"]
[BlackElo "2506"]

1.d4 d5 2.c4 dxc4 3.Nf3 c6 4.a4 Nf6 5.Nc3 Na6 6.e4 Bg4 7.Bxc4 Bxf3 8.gxf3 e6
9.Be3 Nb4 10.a5 Be7 11.Rg1 O-O 12.Kf1 Kh8 13.Qd2 c5 14.dxc5 Qxd2 15.Bxd2 Rfd8
16.Be3 Nc2 17.Rc1 Nxe3+ 18.fxe3 Bxc5 19.Ke2 a6 20.Na2 Bd6  1/2-1/2

[Event "TCh-BEL 2007-8"]
[Site "Belgium BEL"]
[Date "2008.03.06"]
[Round "11"]
[White "Bauduin,E"]
[Black "Savchenko,S"]
[Result "0-1"]
[WhiteElo "2301"]
[BlackElo "2558"]

1.Nf3 d5 2.d4 Nf6 3.c4 c6 4.Qb3 Qb6 5.Nc3 Bf5 6.c5 Qc7 7.Bf4 Qc8 8.h3 e6
9.e3 Be7 10.Qd1 Ne4 11.Nxe4 Bxe4 12.Bd3 Bxd3 13.Qxd3 b6 14.cxb6 axb6 15.O-O O-O
16.Rfc1 c5 17.e4 c4 18.Qe3 Nc6 19.Ne5 Nxe5 20.Bxe5 Qb7 21.Qg3 f6 22.Bd6 Rfe8
23.Bxe7 Rxe7 24.e5 f5 25.a4 Rc7 26.h4 Qc8 27.b3 b5 28.axb5 cxb3  0-1

[Event "FSGM March"]
[Site "Budapest HUN"]
[Date "2008.03.07"]
[Round "6"]
[White "Wang Puchen"]
[Black "Bui Vinh"]
[Result "0-1"]
[WhiteElo "2383"]
[BlackElo "2482"]

1.d4 d5 2.c4 c6 3.Nf3 Nf6 4.Qb3 dxc4 5.Qxc4 Bf5 6.g3 e6 7.Bg2 Be7 8.O-O Nbd7
9.Nc3 O-O 10.Re1 Ne4 11.Qb3 Qb6 12.Nh4 Bxh4 13.gxh4 Nxc3 14.bxc3 Qc7 15.e4 Bg6
16.c4 c5 17.d5 e5 18.Bb2 Rae8 19.Rad1 b6 20.Qa4 Qd6 21.Qc6 Qe7 22.d6 Qe6
23.Qd5 Qxd5 24.Rxd5 f6 25.Bh3 Rd8 26.Rd3 Bf7 27.Rc1 Rfe8 28.Ra3 Be6 29.Bxe6+ Rxe6
30.Rxa7 Rxd6 31.a4 Nf8 32.Rc3 Ng6 33.Bc1 Rd1+ 34.Kg2 Nxh4+ 35.Kh3 Ng6 36.Be3 h5
37.a5 bxa5 38.Rxa5 Rg1 39.Rxc5 Rdd1 40.Rd5 Rdf1 41.Rc2 Rg4 42.Rc1 Rxf2  0-1

[Event "FSGM March"]
[Site "Budapest HUN"]
[Date "2008.03.09"]
[Round "8"]
[White "Varga,Zo"]
[Black "Ilincic,Z"]
[Result "1/2-1/2"]
[WhiteElo "2506"]
[BlackElo "2561"]

1.d4 d5 2.c4 c6 3.Nf3 Nf6 4.Qb3 dxc4 5.Qxc4 Bf5 6.g3 Nbd7 7.Nc3 e6 8.Bg2 Be7
9.O-O O-O 10.Re1 Ne4 11.Qb3 Qb6 12.Nh4 Qxb3 13.axb3 Bxh4 14.gxh4 Nef6 15.e4 Bg6
16.Bf4 Rfe8 17.Bg3  1/2-1/2